000 00213nam a22000857a 4500
008 161111b xxu||||| |||| 00| 0 eng d
100 _91138
_aBPI India
245 _aMeena the mynah
260 _aNew Delhi
_bBPI India
_c2011
999 _c3798
_d3798